MARC details
| 000 -CABECERA |
| campo de control de longitud fija |
02036nam a2200229Ia 4500 |
| 001 - NÚMERO DE CONTROL |
| campo de control |
2857 |
| 008 - DATOS DE LONGITUD FIJA--INFORMACIÓN GENERAL |
| campo de control de longitud fija |
230305s2003 xx 000 0 und d |
| 020 ## - NÚMERO INTERNACIONAL ESTÁNDAR DEL LIBRO |
| Número Internacional Estándar del Libro |
9780743245067 |
| 040 ## - FUENTE DE LA CATALOGACIÓN |
| Centro/agencia transcriptor |
TBS |
| 041 ## - CÓDIGO DE LENGUA |
| Código de lengua del texto/banda sonora o título independiente |
eng |
| 043 ## - CÓDIGO DE ÁREA GEOGRÁFICA |
| Código de área geográfica |
en_UK |
| 100 ## - ENTRADA PRINCIPAL--NOMBRE DE PERSONA |
| Nombre de persona |
Twitchell, James B |
| 9 (RLIN) |
22121 |
| Término indicativo de función/relación |
author |
| 245 #0 - MENCIÓN DE TÍTULO |
| Título |
Living it up |
| Resto del título |
: America's love affair with luxury |
| Mención de responsabilidad, etc. |
/ James B. Twitchell. |
| 260 ## - PUBLICACIÓN, DISTRIBUCIÓN, ETC. |
| Nombre del editor, distribuidor, etc. |
Simon & Schuster, |
| Fecha de publicación, distribución, etc. |
2003 |
| 300 ## - DESCRIPCIÓN FÍSICA |
| Extensión |
xiii, 306 pages : illustrations ; 22 cm |
| 500 ## - NOTA GENERAL |
| Nota general |
America's love affair with luxury |
| 520 ## - SUMARIO, ETC. |
| Sumario, etc. |
Luxury isn't just for the rich, says James B. Twitchell. Today you don't need a six-figure income to wear pashmina, drink a limited-edition coffee at Starbucks, or drive a Mercedes home to collapse on the couch in front of a flat-screen plasma TV. In Living It Up, sharp-eyed consumer anthropologist Twitchell takes a witty and insightful look at luxury -- what it is, who defines it, and why we can't seem to get enough of it.<br/>In recent years, says Twitchell, luxury spending has grown much faster than overall spending -- and it continues to grow despite the economic recession. Luxury has become such a powerful marketing force that it cuts across every layer of society, spawning a magazine devoted to spas, cashmere bedspreads on sale at Kmart, and a dazzling array of bottled waters.<br/>Twitchell says that the democratization of luxury has had a unifying effect on culture. Luxury items tell a story that we want to identify with, and more people than ever aspire to the story of Ralph Lauren's Polo or Patek Philippe. Shopping itself is no longer a chore but a transcendent experience in which we shop not so much for goods as for an identity.<br/>Sharply observed and wickedly funny, Living It Up is a revealing and entertaining examination of why we are all part of the cult of luxury. |
| 630 #0 - PUNTO DE ACCESO ADICIONAL DE MATERIA--TÍTULO UNIFORME |
| Título uniforme |
MSc Fashion & Luxury Marketing - Understanding Fashion & Luxury Markets and customers |
| 9 (RLIN) |
26039 |
| 650 #0 - PUNTO DE ACCESO ADICIONAL DE MATERIA--TÉRMINO DE MATERIA |
| Término de materia o nombre geográfico como elemento de entrada |
Consumers |
| Subdivisión general |
Psychology |
| 9 (RLIN) |
7445 |
| 650 #0 - PUNTO DE ACCESO ADICIONAL DE MATERIA--TÉRMINO DE MATERIA |
| Término de materia o nombre geográfico como elemento de entrada |
Luxuries |
| Subdivisión general |
Marketing |
| 9 (RLIN) |
7147 |
| 942 ## - ELEMENTOS DE ENTRADA AGREGADA (KOHA) |
| Fuente del sistema de clasificación o colocación |
Clasificación de Library of Congress |